01709nam a22001097a 4500008004100000100001800041245012600059260005600185300003600241520126600277773005601543240322b ||||| |||| 00| 0 eng d aJugl, Marlene aAdministrative characteristics and timing of governments' crisis responses: A global study of early reactions to Covid-19 aPublic Administration: An international quarterly  a101(4), Dec, 2023: p. 1408-1426 aIn a crisis, fast reaction is key. But what can public administration tell us about this? This study develops a theoretical framework explaining how administrative characteristics, including fragmentation, capacities, legacies and learning, affect governments' response timing. The COVID-19 pandemic is exploited as a unique empirical setting to test this framework and its scope conditions. Region fixed-effects models and survival analysis of partly hand collected data for more than 150 national governments confirm some limited predictive power of administrative structures and traditions: Especially in developing countries, governments with a separate ministry of health adopted binding containment measures faster. Countries with hierarchical administrative traditions, for example, socialist, adopted some interventions like school closures faster than more liberal traditions, for example, Anglo-American. These characteristics increase threat perception and availability of a response, respectively. Results also suggest that intracrisis and intercrisis learning supply governments with response options. The study advances comparative public administration and crisis research. – Reproduced https://onlinelibrary.wiley.com/doi/10.1111/padm.12889  aPublic Administration: An international quarterly